On the edge of the primeval forest & More from the primeval forest. (Record no. 119444)
[ view plain ]
| 000 -LEADER | |
|---|---|
| fixed length control field | 01396cam a2200325u 4500 |
| 001 - CONTROL NUMBER | |
| control field | 6479637 |
| 003 - CONTROL NUMBER IDENTIFIER | |
| control field | ARRUPE |
| 005 - DATE AND TIME OF LATEST TRANSACTION | |
| control field | 20131220135956.0 |
| 008 - FIXED-LENGTH DATA ELEMENTS--GENERAL INFORMATION | |
| fixed length control field | 830106s1948 nyuabc 000 0 eng |
| 010 ## - LIBRARY OF CONGRESS CONTROL NUMBER | |
| LC control number | 48011435 |
| 040 ## - CATALOGING SOURCE | |
| Original cataloging agency | DLC |
| Transcribing agency | CarP |
| Modifying agency | DLC |
| 043 ## - GEOGRAPHIC AREA CODE | |
| Geographic area code | f-go--- |
| 050 00 - LIBRARY OF CONGRESS CALL NUMBER | |
| Classification number | BV3625.G3 |
| Item number | S363 |
| 300 ## - PHYSICAL DESCRIPTION | |
| Other physical details | illus., ports., map. |
| Dimensions | 23 cm. |
| 100 1# - MAIN ENTRY--PERSONAL NAME | |
| Personal name | Schweitzer, Albert, |
| Dates associated with a name | 1875-1965. |
| 9 (RLIN) | 6285 |
| 240 00 - UNIFORM TITLE | |
| Uniform title | <a href="Zwischen Wasser und Urwald.">Zwischen Wasser und Urwald.</a> |
| Language of a work | English [from old catalog] |
| 245 10 - TITLE STATEMENT | |
| Title | On the edge of the primeval forest & More from the primeval forest. |
| Remainder of title | Experiences and observations of a doctor in equatorial Africa. |
| 260 ## - PUBLICATION, DISTRIBUTION, ETC. (IMPRINT) | |
| Place of publication, distribution, etc | New York, |
| Name of publisher, distributor, etc | Macmillan Co., |
| Date of publication, distribution, etc | 1948. |
| 300 ## - PHYSICAL DESCRIPTION | |
| Extent | vii, 222 p. |
| 600 10 - SUBJECT ADDED ENTRY--PERSONAL NAME | |
| Personal name | Schweitzer, Albert, |
| Dates associated with a name | 1875-1965. |
| 9 (RLIN) | 6286 |
| 650 #0 - SUBJECT ADDED ENTRY--TOPICAL TERM | |
| Topical term or geographic name as entry element | Missions |
| Geographic subdivision | Gabon. [from old catalog] |
| 9 (RLIN) | 6287 |
| 650 #0 - SUBJECT ADDED ENTRY--TOPICAL TERM | |
| Topical term or geographic name as entry element | Missions, Medical |
| Geographic subdivision | Gabon. [from old catalog] |
| 9 (RLIN) | 6288 |
| 650 #0 - SUBJECT ADDED ENTRY--TOPICAL TERM | |
| Topical term or geographic name as entry element | Missionaries, Medical |
| Geographic subdivision | Gabon |
| General subdivision | Biography. [from old catalog] |
| 9 (RLIN) | 6289 |
| 650 #0 - SUBJECT ADDED ENTRY--TOPICAL TERM | |
| Topical term or geographic name as entry element | Missionaries, Medical |
| Geographic subdivision | Switzerland |
| General subdivision | Biography. [from old catalog] |
| 9 (RLIN) | 6290 |
| 651 #0 - SUBJECT ADDED ENTRY--GEOGRAPHIC NAME | |
| Geographic name | Lambarene, Gabon. [from old catalog] |
| 9 (RLIN) | 6291 |
| 700 12 - ADDED ENTRY--PERSONAL NAME | |
| Personal name | Schweitzer, Albert, |
| Dates associated with a name | 1875-1965. |
| Title of a work | Mitteilungen aus Lambarene. |
| Language of a work | English. |
| Date of a work | 1948. |
| 9 (RLIN) | 6292 |
| 700 1# - ADDED ENTRY--PERSONAL NAME | |
| Personal name | Campion, Charles Thomas, |
| Dates associated with a name | 1862- [from old catalog] |
| Relator term | tr. |
| 9 (RLIN) | 6293 |
| 740 0# - ADDED ENTRY--UNCONTROLLED RELATED/ANALYTICAL TITLE | |
| Uncontrolled related/analytical title | More from the primeval forest. |
| 906 ## - LOCAL DATA ELEMENT F, LDF (RLIN) | |
| a | 0 |
| b | cbc |
| c | premver |
| d | u |
| e | ncip |
| f | 19 |
| g | y-gencatlg |
| 942 ## - ADDED ENTRY ELEMENTS (KOHA) | |
| Source of classification or shelving scheme | Library of Congress Classification |
| Koha item type | Monograph ( Printed materials) |
| Withdrawn status | Lost status | Source of classification or shelving scheme | Damaged status | Not for loan | Home library | Current library | Date acquired | Total Checkouts | Full call number | Barcode | Date last seen | Price effective from | Koha item type |
|---|---|---|---|---|---|---|---|---|---|---|---|---|---|
| Library of Congress Classification | ARRUPE LIBRARY | ARRUPE LIBRARY | 20/12/2013 | SPC BV3625.G3 S36 | 464122888 | 20/12/2013 | 20/12/2013 | Monograph ( Printed materials) |